000 01109cam a22001934a 4500
005 20250605164053.0
008 250528s ||||||||||||||||||||||||d
035 _a17336
020 _a415015618
040 _aGR-AtMCL
_bgre
_dGR-AtMCL
_eAACR2
245 1 _aFoundations of Psychology / An Introductory Text
260 _bRouledge,
_c1994
300 _a1118
520 _aA Comprehensive introducing to the fundamental principles, theories and research in modern psychology. Acknowledgements, Perspectives in Psychology, Perception, Memory, Language and Literacy, Intelligence, Theories of Personality, Alternatives to the Medical Model, Sensation and Brain Mechanisms, Motivation and Emotion, Self and Others, Understanding Others, Social Influence and Social Action, Attitudes and Skill Development, Personal Development, Social Development, Lifespan Developmental Psychology, Introducing Comparative Psychology, Animal Behavior, Animal Communication, Methods and Ethics in Psychology, Glossary, Bibliography, Index.
700 1 _aHayes Nicky
_987
942 _cBK
999 _c2763
_d2763